One Piece Revolutionary Army Members - Statistics

General Stats
  • This quiz has been taken 86 times
  • The average score is 11 of 19
Answer Stats
Picture Answer % Correct
Monkey D. Dragon
100%
Sabo
100%
Bartholomew Kuma
99%
Emporio Ivankov
97%
Koala
94%
Hack
76%
Belo Betty
73%
Inazuma
73%
Morley
70%
Karasu
67%
Ginny
53%
Lindbergh
53%
Bunny Joe
23%
Ahiru
21%
Terry Gilteo
20%
Moda
19%
Ushiano
19%
Jiron
16%
Gambo
11%
No matching quizzes found
Score Distribution
Percent of People with Each Score
Percentile by Number Answered
Your Score History
You have not taken this quiz